000 01145nam a2200313 i 4500
001 000041900
003 DO-SdBNP
005 20250606120454.0
007 ta
008 130709s2003 dr ab r 000 0 spa d
040 _aDO-SdBNP
_bspa
_cBNPHU
_erda
041 _aspa
082 4 _a972.93
_bM385m 2003
_222
100 1 _aMartínez Almanzar, Juan Francisco,
_d1950 -
_eautor
_4aut.
_910459
245 1 0 _aManual de historia crítica dominicana /
_cJuan Francisco Martínez Almánzar.
250 _aNovena edición
264 1 _aSanto Domingo :
_bEditora 9 de octubre,
_c2003.
300 _a568, viii páginas :
_bilustraciones, mapas ;
_c21 cm.
336 _atexto
_btxt
_2rdacontent
337 _asin mediación
_bn
_2rdamedia
338 _avolumen
_bnc
_2rdacarrier
500 _aIncluye datos biográficos del autor en la contracubierta
504 _aBibliografía : páginas I-VII
590 _aInventariado, 2025/BT
651 4 _aRepública Dominicana
_xHistoria
_y1492-1998
_968794
651 4 _aIsla Española (Haití Y República Dominicana{Rpara}
_xHistoria
_938883
910 _aValidado. Control de calidad. MFF
942 _2ddc
_cLBS1
999 _c41389
_d41389